Super Bowl Winners - Statistics

General Stats
  • This quiz has been taken 25 times
  • The average score is 43 of 54
Answer Stats
Year Losers Score Winners % Correct
2020 San Francisco 49ers 20-31 Kansas City Chiefs
100%
1967 Kansas City Chiefs 10-35 Green Bay Packers
94%
2011 Pittsburgh Steelers 25-31 Green Bay Packers
94%
2007 Chicago Bears 17-29 Indianapolis Colts
94%
2015 Seattle Seahawks 24-28 New England Patriots
94%
2017 Atlanta Falcons 28-34 New England Patriots
94%
2012 New England Patriots 17-21 New York Giants
94%
2018 New England Patriots 33-41 Philadelphia Eagles
94%
2009 Arizona Cardinals 23-27 Pittsburgh Steelers
94%
2014 Denver Broncos 8-43 Seattle Seahawks
94%
2013 San Francisco 49ers 31-34 Baltimore Ravens
88%
2016 Carolina Panthers 10-24 Denver Broncos
88%
2002 St Louis Rams 17-20 New England Patriots
88%
2004 Carolina Panthers 29-32 New England Patriots
88%
2010 Indianapolis Colts 17-31 New Orleans Saints
88%
2008 New England Patriots 14-17 New York Giants
88%
2006 Seattle Seahawks 10-21 Pittsburgh Steelers
88%
2003 Oakland Raiders 21-48 Tampa Bay Buccaneers
88%
2001 New York Giants 7-34 Baltimore Ravens
81%
1998 Green Bay Packers 24-31 Denver Broncos
81%
1999 Atlanta Falcons 19-34 Denver Broncos
81%
1968 Oakland Raiders 14-33 Green Bay Packers
81%
1973 Washington Redskins 7-14 Miami Dolphins
81%
2005 Philadelphia Eagles 21-24 New England Patriots
81%
2000 Tennessee Titans 16-23 St Louis Rams
81%
1986 New England Patriots 10-46 Chicago Bears
75%
1972 Miami Dolphins 3-21 Dallas Cowboys
75%
1978 Denver Broncos 10-27 Dallas Cowboys
75%
1993 Buffalo Bills 17-52 Dallas Cowboys
75%
1994 Buffalo Bills 13-30 Dallas Cowboys
75%
1996 Pittsburgh Steelers 17-27 Dallas Cowboys
75%
1997 New England Patriots 21-35 Green Bay Packers
75%
1970 Minnesota Vikings 7-23 Kansas City Chiefs
75%
1984 Washington Redskins 9-38 Los Angeles Raiders
75%
1974 Minnesota Vikings 7-24 Miami Dolphins
75%
1987 Denver Broncos 20-39 New York Giants
75%
1969 Baltimore Colts 7-16 New York Jets
75%
1977 Minnesota Vikings 17-32 Oakland Raiders
75%
1981 Minnesota Vikings 10-27 Oakland Raiders
75%
1975 Minnesota Vikings 6-16 Pittsburgh Steelers
75%
1976 Dallas Cowboys 17-21 Pittsburgh Steelers
75%
1979 Dallas Cowboys 31-35 Pittsburgh Steelers
75%
1980 Los Angeles Rams 19-31 Pittsburgh Steelers
75%
1982 Cincinnati Bengals 21-26 San Francisco 49ers
75%
1985 Miami Dolphins 16-38 San Francisco 49ers
75%
1989 Cincinnati Bengals 16-20 San Francisco 49ers
75%
1990 Denver Broncos 10-55 San Francisco 49ers
75%
1995 Los Angeles Chargers 26-49 San Francisco 49ers
75%
1988 Denver Broncos 10-42 Washington Redskins
75%
1971 Dallas Cowboys 13-16 Baltimore Colts
69%
1991 Buffalo Bills 19-20 New York Giants
69%
1983 Miami Dolphins 17-27 Washington Redskins
69%
1992 Buffalo Bills 24-37 Washington Redskins
69%
2019 Los Angeles Rams 3-13 New Englandd Patriots
0%
No matching quizzes found
Score Distribution
Percent of People with Each Score
Percentile by Number Answered
Your Score History
You have not taken this quiz